00967cam a2200301 a 45000010008000000030004000080050017000120080041000290100017000700200015000870200018001020350012001200400018001320500024001500820017001741000032001912450039002232460023002622600044002853000021003293360026003503370028003763380027004044400034004316300044004657300067005098560089005764925422OSt20260213160521.0950614s1995 ilu 000 0 eng  a 95024322  a0891078681 a9780891078685 a4925422 aDLCcDLCdDLC00aBS2675.3b.H62 199500a227/.3072201 aHodge, Charles,d1797-1878.10a2 Corinthians /cby Charles Hodge.3 aSecond Corinthians aWheaton, Ill. :bCrossway Books,c1995. a240 p. ;c22 cm. atextbtxt2rdacontent aunmediatedbn2rdamedia avolumebnc2rdacarrier 0aCrossway classic commentaries00aBible.pCorinthians, 2ndxCommentaries.02aBible.pCorinthians, 2nd.lEnglish.sNew International.f1995.423Publisher descriptionuhttp://www.loc.gov/catdir/enhancements/fy0912/95024322-d.html